Das Mönchstum und der religiö se Orden nach Max Weber und Ernst Troeltsch (Record no. 348203)
[ view plain ]
| 000 -CABECERA | |
|---|---|
| Campo de control de longitud fija | 00437nab a22001217u 4500 |
| 008 - CÓDIGOS DE INFORMACIÓN DE LONGITUD FIJA | |
| Campo de control de longitud fija | 130520b2012 xxu||||| |||| 00| 0 ita d |
| 041 ## - CÓDIGO DE LENGUA | |
| Código de lengua del texto/banda sonora o título independiente | ita |
| 100 1# - PUNTO DE ACCESO PRINCIPAL-NOMBRE DE PERSONA | |
| Nombre de persona | Turcotte, Paul-André |
| 9 (RLIN) | 10638 |
| 245 00 - MENCIÓN DE TÍTULO | |
| Título | Das Mönchstum und der religiö se Orden nach Max Weber und Ernst Troeltsch |
| Mención de responsabilidad, etc. | Paul-André Turcotte, Arthur Lambert |
| 700 1# - PUNTO DE ACCESO ADICIONAL-NOMBRE DE PERSONA | |
| Nombre de persona | Lambert, Arthur |
| 9 (RLIN) | 58064 |
| 773 0# - ENLACE AL DOCUMENTO FUENTE | |
| Título | Claretianum |
| Parte(s) relacionada(s) | V.52, nº3,2012,págs.428 |
| Número Internacional Normalizado para Publicaciones Seriadas (ISSN) | 9943-2331 |
| Número de control del registro relacionado | Rev124 |
| 942 ## - ENTRADA DE ELEMENTOS AGREGADOS (KOHA) | |
| Koha [por defecto] tipo de item | Artículos de revista |
| Suprimido | Perdido | Estropeado | No para préstamo | Localización permanente | Localización actual | Localización en estantería | Fecha adquisición | Préstamos totales | Fecha última consulta | Fecha del precio de reemplazo | Tipo de item de Koha |
|---|---|---|---|---|---|---|---|---|---|---|---|
| San Esteban | San Esteban | Depósito de revistas | 21/05/2013 | 21/05/2013 | 21/05/2013 | Artículos de revista |
